000 00666nam a2200205Ii 4500
003 JO-AjNU
008 230605s9999||||xx |||||||||||||| ||und||
040 _aJO-AjNU
_bara
_erda
_cJO-AjNU
041 _aara
050 1 4 _aJX5514.1960
100 3 _a حسنى، محمود نجيب ,
_eauthor
_944877
245 0 0 _aدروس في القانون الجنائي الدولى
250 _a(د،ط)
264 3 1 _aالقاهرة : دار النهضة العربية ، 1959-1960
300 _a188ص
336 _atext
_btxt
_2rdacontent
337 _aunmediated
_bn
_2rdamedia
338 _avolume
_bnc
_2rdacarrier
650 4 _aقانون جنائي دولي
_944878
999 _aA19411
_c22979
_d22979